| 000 | 00619nam a2200193 i 4500 | ||
|---|---|---|---|
| 001 | 50042 | ||
| 003 | ES-MaACL | ||
| 005 | 20230906162117.0 | ||
| 007 | t| | ||
| 008 | 030729s1964 sp ||||1| spa d | ||
| 080 | _a396 | ||
| 245 | 0 | 0 |
_aCrisis y futuro de la mujer : _bpsicoterapia, religión, vida social / _cW. Bitter ... [et al.] ; [traducción del alemán por Fernando Cubells]. |
| 260 |
_aAlcoy : _bMarfil, _c1964. |
||
| 300 |
_a282 p. ; _c21 cm. |
||
| 650 | 4 |
_aMujeres- _xSituación social- _yS.XX. _9167814 |
|
| 700 | 1 |
_aBitter, W. _929027 |
|
| 700 | 1 |
_aCubells, Fernando. _941925 |
|
| 852 |
_aES-MaACL _jC-26629 |
||
| 999 |
_c50042 _d50042 |
||